Erase Europe by Capital (A-Z) Quiz Stats

 Plays Quiz not verified by Sporcle

Support Sporcle.
Go Orange.
Score 0/47 Timer 06:00
0 Plays Today
% Correct
???
100%
???
89.5%
???
86%
???
85.2%
???
68.1%
???
67.4%
???
65.3%
???
55.6%
???
55.1%
???
50.2%
???
48%
???
43.7%
???
43.4%
???
43.3%
???
42.7%
???
42.2%
???
42%
???
38.9%
???
38.9%
???
38%
???
37.7%
???
37%
???
36.5%
???
36.5%
% Correct
???
35.1%
???
34.7%
???
34.7%
???
28.7%
???
28.1%
???
25.5%
???
25.5%
???
23.4%
???
23.4%
???
22.8%
???
21.9%
???
20.6%
???
20.4%
???
20.3%
???
19.8%
???
19.1%
???
17.3%
???
15.8%
???
15.8%
???
15.7%
???
15.6%
???
15.6%
???
15.6%

You're not logged in!

Compare scores with friends on all Sporcle quizzes.
OR
Log In

From the Vault

ABC's

by sproutcm

They say it's as easy as 1,2,3, but they're wrong.
Remove Ads.
Support Sporcle.
Get the best of Sporcle when you Go Orange. This ad-free experience offers more features, more stats, and more fun while also helping to support Sporcle. Thank you for becoming a member.

Show Comments

Extras

Top Quizzes Today


Score Distribution

Your Account Isn't Verified!

In order to create a playlist on Sporcle, you need to verify the email address you used during registration. Go to your Sporcle Settings to finish the process.

Report this User

Report this user for behavior that violates our Community Guidelines.

Details: